000
00319nam a22001337a 4500
008
181029b xxu||||| |||| 00| 0 eng d
020
_a
9781457639401
041
_a
eng
080
_a
070
100
_a
40
101
_a
MED
245
_a
Practical Strategies for technical communication
_c
Andersen,R
942
_2
udc
_c
BK
999
_c
50969
_d
50969